<?xml version="1.0" encoding="UTF-8"?>
<record
    xmlns:xsi="http://www.w3.org/2001/XMLSchema-instance"
    xsi:schemaLocation="http://www.loc.gov/MARC21/slim http://www.loc.gov/standards/marcxml/schema/MARC21slim.xsd"
    xmlns="http://www.loc.gov/MARC21/slim">

  <leader>00344nam a22001217a 4500</leader>
  <datafield tag="999" ind1=" " ind2=" ">
    <subfield code="c">109578</subfield>
    <subfield code="d">109578</subfield>
  </datafield>
  <controlfield tag="005">20181214110051.0</controlfield>
  <controlfield tag="008">181214b           ||||| |||| 00| 0 eng d</controlfield>
  <datafield tag="040" ind1=" " ind2=" ">
    <subfield code="c">PK-LaUMT</subfield>
  </datafield>
  <datafield tag="082" ind1=" " ind2=" ">
    <subfield code="a">RHC 342.54</subfield>
    <subfield code="b">DAS-</subfield>
  </datafield>
  <datafield tag="245" ind1=" " ind2=" ">
    <subfield code="a">Dastoor e Hind (mutafriqaat)/</subfield>
  </datafield>
  <datafield tag="260" ind1=" " ind2=" ">
    <subfield code="a">&#x646;&#x626;&#x6CC; &#x62F;&#x6C1;&#x644;&#x6CC;:</subfield>
    <subfield code="b">&#x645;&#x631;&#x6A9;&#x632;&#x6CC; &#x645;&#x6A9;&#x62A;&#x628;&#x6C1; &#x627;&#x633;&#x644;&#x627;&#x645;&#x6CC; &#x67E;&#x628;&#x644;&#x634;&#x631;&#x632;</subfield>
  </datafield>
  <datafield tag="942" ind1=" " ind2=" ">
    <subfield code="c">BK</subfield>
  </datafield>
  <datafield tag="952" ind1=" " ind2=" ">
    <subfield code="0">0</subfield>
    <subfield code="1">0</subfield>
    <subfield code="4">0</subfield>
    <subfield code="7">0</subfield>
    <subfield code="a">01</subfield>
    <subfield code="b">01</subfield>
    <subfield code="d">2018-12-14</subfield>
    <subfield code="l">0</subfield>
    <subfield code="o">RHC 342.54 DAS-</subfield>
    <subfield code="p">127045</subfield>
    <subfield code="r">2018-12-14 00:00:00</subfield>
    <subfield code="w">2018-12-14</subfield>
    <subfield code="y">BK</subfield>
  </datafield>
</record>
